| 000 | 00323nam a22000977a 4500 | ||
|---|---|---|---|
| 999 |
_c11196 _d11196 |
||
| 008 | 181009b ||||| |||| 00| 0 eng d | ||
| 020 | _a9781786173249 | ||
| 100 |
_aPARKER, STEVE _96952 |
||
| 245 |
_aENCYCLOPEDIA OF DINOSAURS AND PREHISTORIC LIFE _bThe beginning of life to the first humans |
||
| 260 |
_aChina _bMilskelly.net _c2017 |
||